00779nam a2200217Ia 4500003000400000005001700004008004100021020001800062040001800080041000800098082002100106100002500127245020100152250001200353260004000365300002700405650002600432650003900458650004100497700002300538OSt20231006104413.0210716s2015 xx 000 0 und d a9781783280414 cAIMIT LIBRARY aeng a005.44 21bRAMV aRamachandran, Vivek. aKali linux wireless penetration testing beginners guide: bmaster wireless testing techniques to survey and attack wireless networks with kali linux /cby Vivek Ramachandran and Cameron Buchanan. a1st ed. aMumbai :c2015.bPackt Publishing , aix,192 p.;bPBc24 cm. aWlan encryption flaws aAttacks on the wlan infrastructure aWlan penetration testing methodology aBuchanan, Cameron.